Veinte mil leguas de viaje submarino

Tallennettuna:
Bibliografiset tiedot
Päätekijä: Verne, Julio (Tekijä)
Aineistotyyppi: Kirja
Kieli:espanja
Julkaistu: Barcelona Bruguera S. A 1979
Painos:1a. ed
Aiheet:
Tagit: Lisää tagi
Ei tageja, Lisää ensimmäinen tagi!

MARC

LEADER 00000cam a2200000 a 4500
001 UCE2662
003 CL-VaPUC
008 140717e19790000sp |||||||||||||||||spa|d
020 |a 8402055591 
082 0 4 |a 843  |b VER  |2 21 
100 0 |a Verne, Julio  |e author  |9 575186 
245 1 0 |a Veinte mil leguas de viaje submarino 
250 |a 1a. ed 
300 |a 332 p 
942 |c BK 
945 |d 20140717 11:12:00  |a dcastane 
260 |a Barcelona  |b Bruguera S. A  |c 1979 
650 0 |a Novela francesa  |9 264985 
650 0 |a Literatura francesa  |9 266330 
650 0 |a Literatura fantástica   |9 266050 
583 |a last modification  |c 20140717 11:12:00  |k Rodrigo Vera 
999 |c 356237  |d 356235